000 00798nab a2200241 u 4500
001 07903
003 HDC
007 cr bn ---aaaaa
008 210129c mydr|nes 0 a may d
040 _aHDC
100 _aNur Izzati Mohamad
_eauthor
_98203
245 0 _aDua sahabat usahakan mi sanggul /
_cby Nur Izzati Mohamad
260 _aKuala Lumpur :
_bBERITA HARIAN,
_c2015
336 _atext
_2rdacontent
337 _acomputer
_2rdamedia
338 _aonline resource
_2rdacarrier
650 _aBusiness industry
_96119
650 _aHalal products
_9642
856 _zRequest full-text at [email protected]
942 _2lcc
942 _cNEWS
942 _kNWSC 001243
999 _c5226
_d5226